000 01315nmm a2200349 a 4500
999 _c326718
_d326718
003 BLK
005 20240827005350.0
008 181122b bu ||||| |||| 00| 0 bu d
020 _a9789543443840
040 _aBLK
041 _aDEU
_cDEU
080 _aНемски език (високонемски, стандартен писмен)
_b811.112.2
_z811.112.2(076)(075.9+086.76)
100 1 _9376227
_aFrohlich, Birgitta
_eпърви автор
139 _aFrohlich, Birgitta
_bF 94
245 _aGeni@l klick für Bulgarien A2 CD
_bArbeitsbuch A2. Bd. 1, Lektionen 1-5
260 _9219518
_aСофия
_bКлет България
_c2017 г.
_fБулвест Принт АД
_n978-954-344-
260 _9390905
_aМюнхен, Германия
_bКлет-Лангеншайт ГМБХ
_c2013 г.
300 _c12 см
380 _a80
650 0 _9243377
_aНемски език - учебници за курсове
653 0 _aнемски език
_9192028
653 7 _aнемски език
_9192028
700 _aMariotta, Maruska
_eсъавт.
_91445
700 _aPetra Pfeifhofer
_eсъавт.
_91445
942 _cCDD
_n0
944 _aCR
_c2018-11-23
_k
_lCRON CRON
999 _d326718
999 _d326717
999 _d326551
999 _d326551
999 _d326551